00947nam a2200205Ia 4500952009100000999001700091008004100108050002300149100003100172245005200203260005300255300001800308490002200326500004900348505029000397519000900687650001300696650002500709942000700734 00104070a11b11d2007-01-08l0oBF408 B32p11 002315r2012-06-26t1w2012-06-26yLB c69329d69329120626s1965 mx 000 0 spa d aBF408 bB3318 1965 aBachelard, Gastóneautor aLa poética del espacio c/ Gastón Bachelard aMéxicob: Fondo de cultura económicac, 1965 a300 páginas aBreviariosv: 183 aTítulo original: La poétique de l'espace aLa casa. Del sotano a la guardilla. El sentido de la choza Casa y universo El cajón, los choferes y los armarios El nido La concha Los rincones La miniatura La inmensidad íntima La dialéctica de lo de adentro y de lo de afuera La fenomenología de lo redondo  a d  0aPOETICA  0aFILOSOFÍA FRANCESA cLB